Statistics for US State Consonant Pairs

Click here to take the quiz!

General Stats

  • This quiz has been taken 49 times
  • The average score is 6 of 12

Answer Stats

lettersstate% Correct
TXTexas
100%
WJNew Jersey
70%
NXNew Mexico
59%
VDNevada
57%
YGWyoming
48%
TYKentucky
43%
BKNebraska
43%
PYPennsylvania
43%
LKAlaska
39%
YRNew York
36%
KLOklahoma
36%
PRNew Hampshire
14%

Score Distribution

Percentile by Number Answered

Percent of People with Each Score

Your Score History

You have not taken this quiz